Geography Quiz

Random Geography or Logic Quiz

Pandemic Logic Puzzle Quiz Stats

 Plays Quiz Updated Sep 14, 2014

Score 0/25 Timer 15:00
96 Plays Today
% Correct

United States

???
100%

Nigeria


???
74%

Kenya


???
68.4%

Egypt


???
61.5%

Germany


???
48.3%

Mexico


???
41.8%

Laos


???
35%

Vietnam


???
34%

Canada


???
33.2%

China


???
29.2%

Brazil


???
28%

Russia


???
26.9%

Iraq


???
26.4%
% Correct

Poland


???
24.2%

United Kingdom

???
23.2%

Italy


???
22.6%

France


???
21.9%

India


???
18.1%

Peru


???
17.1%

Pakistan


???
16.8%

Iran


???
15.6%

Spain


???
15.2%

Turkey


???
15%

Thailand


???
11.7%

Croatia


???
11.7%

You're not logged in!

Compare scores with friends on all Sporcle quizzes.
OR
Log In

Sporcle TV

Today on Sporcle TV


Watch our educational content, quiz creation guides, and fun videos on Sporcle TV.

Show Comments

Extras

Top Quizzes Today


Score Distribution

Your Account Isn't Verified!

In order to create a playlist on Sporcle, you need to verify the email address you used during registration. Go to your Sporcle Settings to finish the process.

Report this User

Report this user for behavior that violates our Community Guidelines.

Details: